00607 2200193 4500001002100000005001500021035002000036007000300056008004100059082001100100084001700111100001800128245013500146260004000281300004100321650002300362990001400385990001400399INLIS00000000001053920251009043853 a0010-0925000137ta251009 e 0 ind  a352.14 a352.14 FIR p0 aFirman Sujadi1 aPedoman Umum Penyelenggaraan Pemerintahan Desa : administrasi desa, pelaporan, serta pemberdayaan masyarakat desa /cFirman Sujadi aJakarta :bBee Media Pustaka,c2019 avi + 296 Hlm :bIlus ;c17.6 x 25 cm 4aAdministrasi Lokal a025.01041 a025.01042